000 00314nam a22001337a 4500
999 _c161650
_d161650
020 _a
082 _a
_b
100 _aRamniranjan Parimalendu
245 _aBachchan patron ke darpan mein/
_cby Ramniranjan Parimalendu.
260 _aNew Delhi:
_bVani,
_c2009.
300 _a240p.
650 _a
942 _cBK